| 000 | 00469nam a2200169 i 4500 | ||
|---|---|---|---|
| 001 | 63468 | ||
| 003 | ES-MaACL | ||
| 005 | 20230906164858.0 | ||
| 007 | t| | ||
| 008 | 031210s1971 sp ||||1| spa d | ||
| 100 | 1 |
_aFerrer Lerín, Francisco ( _d1942-) _950481 |
|
| 245 | 1 | 3 |
_aLa hora oval / _cFrancisco Ferrer Lerin. |
| 250 | _a[1ª ed.]. | ||
| 260 |
_aBarcelona : _bLlibres de Sinera, _c[1971] |
||
| 300 |
_a136 p. ; _c18 cm. |
||
| 852 |
_aES-MaACL _jC-45933 _bR.79183 |
||
| 999 |
_c63468 _d63468 |
||